MicroMax Computer Intelligence, Inc.; Промышленные АСУ и контроллеры; № 12

Bibliografske podrobnosti
Parent link:Промышленные АСУ и контроллеры: ежемесячный научно-технический производственный журнал.— , 2002-
№ 12.— 2003.— С. 24-25
Jezik:ruščina
Izdano: 2003
Serija:Новости системостроения
Teme:
Format: Book Chapter
KOHA link:https://koha.lib.tpu.ru/cgi-bin/koha/opac-detail.pl?biblionumber=389974

MARC

LEADER 00000naa2a2200000 4500
001 389974
005 20231101063926.0
035 |a (RuTPU)RU\TPU\prd\22632 
090 |a 389974 
100 |a 20040213a2003 k y0rusy50 ca 
101 0 |a rus 
102 |a RU 
200 1 |a MicroMax Computer Intelligence, Inc. 
225 1 |a Новости системостроения 
461 1 |0 (RuTPU)RU\TPU\prd\2287  |t Промышленные АСУ и контроллеры  |o ежемесячный научно-технический производственный журнал  |d 2002- 
463 1 |0 (RuTPU)RU\TPU\prd\21158  |t № 12  |v С. 24-25  |d 2003 
610 1 |a процессорные модули 
610 1 |a МикроМакс 
610 1 |a низкое энергопотребление 
801 1 |a RU  |b 63413507  |c 20040213  |g PSBO 
942 |c BK